01690nam a2200373 a 4500001001000000003000500010005001700015008004100032010001100073011001100084040000900095090001000104100004200114245019400156260004100350500006000391502009600451590004100547590004000588590004000628590004000668650004500708650003800753650004700791650004200838700004800880856007000928901000700998942001001005942000601015999001901021952014001040952013601180000110961CHAP20220329144152.0141030s2014 mx a fsm |||||||spa d a107423 a108395 cCHAP aTesis1 aDíaz Macías, Concepción912873710aAnálisis de la caprinocultura mediante catálogo de innovaciones en la región cañón de Jimulcoh[En línea]cpor Concepción Díaz Macías y Nenci de Jesús Zapata Valenzuela. aBermejillo, Dgo. :bEl autor,c2014. aPara ver el contenido del material haga clic en la liga aTesis (Ing. en Sistemas Pecuarios) -- UACH. Unidad Regional Universitaria de Zonas áridas aE11695DGDb10c20141103lUCH01h0941 aE5995AHEb05c20141030lUCH01h1326 aE5995AHEb05c20141030lUCH01h1328 aE5995AHEb05c20141030lUCH01h145114aAnimales domésticosxGenética.9590314aGanado cabríoxCoahuila.94499714aGanado cabríoxDurangozDurango.917560714aGanado cabríoxProducción.9450381 aZapata Valenzuela, Nenci de Jesús9128738 aFinding aiduhttp://10.13.5.2/tesis/sist110961.pdfzTeclea aquí aBK cTESIS n0 c107423d107423 00102local4053708TESISaBCbBCcPA_TESISd2014-10-30fTESISl0oTesisp33724002425751r2019-12-31 00:00:00tc.2w2019-12-31yTESIS 00104054718TESISaBCbBCd2014-10-30fTESISl0oTesisp33724002425793r2019-12-31 00:00:00w2019-12-31yTESISzRecien adquirido